Dirty cash can supply your name (Record no. 73036)

MARC details
000 -LEADER
fixed length control field 00744cam a2200205 4500
001 - CONTROL NUMBER
control field ABS66873
008 - FIXED-LENGTH DATA ELEMENTS--GENERAL INFORMATION
fixed length control field 030714n2003 000 0 eng u
035 ## - SYSTEM CONTROL NUMBER
System control number (Sirsi) u122999
100 ## - MAIN ENTRY--PERSONAL NAME
Personal name Tofield, N.
245 ## - TITLE STATEMENT
Title Dirty cash can supply your name
260 ## - PUBLICATION, DISTRIBUTION, ETC.
Date of publication, distribution, etc. 2003
490 ## - SERIES STATEMENT
Series statement Estates Gazette
Volume/sequential designation (0327) 5 July 2003, 125(1)
520 ## - SUMMARY, ETC.
Summary, etc. Acts as a reminder that non-compliance with the Proceeds of Crime Act 2002 is a criminal offence. Individual directors can face unlimited fines and up to two years imprisonment if procedures are not put into place.
590 ## - LOCAL NOTE (RLIN)
Local note ABS
650 ## - SUBJECT ADDED ENTRY--TOPICAL TERM
Topical term or geographic name entry element PROCEEDS OF CRIME ACT 2002
650 ## - SUBJECT ADDED ENTRY--TOPICAL TERM
Topical term or geographic name entry element MONEY LAUNDERING
650 ## - SUBJECT ADDED ENTRY--TOPICAL TERM
Topical term or geographic name entry element CRIMINAL OFFENCES
690 ## - LOCAL SUBJECT ADDED ENTRY--TOPICAL TERM (OCLC, RLIN)
Topical term or geographic name as entry element MANAGEMENT-BUSINESS MANAGEMENT
942 ## - ADDED ENTRY ELEMENTS (KOHA)
Suppress in OPAC 0
Holdings
Withdrawn status Lost status Source of classification or shelving scheme Damaged status Not for loan Home library Current library Shelving location Date acquired Total Checkouts Full call number Barcode Date last seen Copy number Price effective from Koha item type
    Dewey Decimal Classification     London London Journal article 14/07/2003   ABS66873 122999-1001 06/08/2019 1 06/08/2019 Journal article